Hát ví đúm của người Mường ở Mường Bi (Tân Lạc - Hoà Bình)

Trình bày điều kiện tự nhiên và con người ở Mường Bi; văn hoá hát ví đúm của người Mường ở Mường Bi; nghệ thuật hát ví đúm của người Mường ở Mường Bi

Đã lưu trong:
Sonraí Bibleagrafaíochta
Príomhúdar: Kiều, Trung Sơn
Formáid: Leabhar
Teanga:Undetermined
Foilsithe: Hà Nội Văn hóa Thông tin 2014
Ábhair:
Clibeanna: Cuir Clib Leis
Gan Chlibeanna, Bí ar an gcéad duine leis an taifead seo a chlibeáil!
Thư viện lưu trữ: Trung tâm Học liệu Trường Đại học Cần Thơ
LEADER 01013nam a2200217Ia 4500
001 CTU_190963
008 210402s9999 xx 000 0 und d
082 |a 781.629592 
082 |b S464 
100 |a Kiều, Trung Sơn 
245 0 |a Hát ví đúm của người Mường ở Mường Bi (Tân Lạc - Hoà Bình) 
245 0 |c Kiều Trung Sơn, Kiều Thị Bích Thuỷ (Chủ biên) 
260 |a Hà Nội 
260 |b Văn hóa Thông tin 
260 |c 2014 
520 |a Trình bày điều kiện tự nhiên và con người ở Mường Bi; văn hoá hát ví đúm của người Mường ở Mường Bi; nghệ thuật hát ví đúm của người Mường ở Mường Bi 
650 |a Folk music,Âm nhạc dân gian 
650 |x History and criticism,Lịch sử và phê bình 
650 |z Vietnam,Việt Nam 
910 |a Hải 
980 |a Trung tâm Học liệu Trường Đại học Cần Thơ